| 000 | 00602nam a2200205 a 4500 | ||
|---|---|---|---|
| 005 | 20240607063641.0 | ||
| 008 | 010625s1995 r 000 0 eng d | ||
| 020 | _a8436808665 | ||
| 035 | _aUPN01000108945 | ||
| 049 | _aCG | ||
| 050 | 4 |
_aQA278 _bP3.2 |
|
| 100 | 1 |
_aPalmer Pol, Alfonso Luis _938545 |
|
| 245 | 1 | 3 |
_aEl análisis exploratorio de datos / _cAlfonso Palmer Pol. |
| 260 |
_aMadrid : _bPirámide, _c1995. |
||
| 300 |
_a208 p. : _bTablas, gráfs. |
||
| 440 | 0 | _aBiblioteca Eudema | |
| 650 | 4 |
_aANALISIS ESTADISTICO MULTIVARIABLE _9561 |
|
| 650 | 2 |
_aAnálisis de datos _9269 |
|
| 905 | _aLibro | ||
| 999 |
_c82856 _d82856 |
||